| 000 | 00455nam a22001817a 4500 | ||
|---|---|---|---|
| 005 | 20250411131929.0 | ||
| 008 | 250410b |||||||| |||| 00| 0 eng d | ||
| 020 | _a978-0-323-72212-4 | ||
| 041 | _aeng | ||
| 082 | _a616.1 HIL-E | ||
| 100 |
_aHILLEGASS, ELLEN _98605 |
||
| 245 | _aESSENTIALS OF CARDIOPULMONARY PHYSICAL THERAPY | ||
| 250 | _a5TH ED.2022 | ||
| 260 |
_bELSEVIER _c2022 |
||
| 300 | _a822;P | ||
| 650 |
_aPHYSIOTHERAPY _98180 |
||
| 942 | _cBK | ||
| 999 |
_c8735 _d8733 |
||